La lógica como fundamentación del arte general del saber en Sebastián Izquierdo (Record no. 15699)

MARC details
000 -LEADER
campo de control de longitud fija 01054nam a22002891i 4500
001 - NÚMERO DE CONTROL
campo de control 15699
003 - IDENTIFICADOR DE NÚMERO DE CONTROL
campo de control ES-MaACL
005 - FECHA Y HORA DE LA ÚLTIMA TRANSACCIÓN
campo de control 20250712081849.0
007 - CAMPO FIJO DE DESCRIPCIÓN FÍSICA--INFORMACIÓN GENERAL
campo de control de longitud fija t|
008 - DATOS DE LONGITUD FIJA--INFORMACIÓN GENERAL
campo de control de longitud fija 000504s1981 sp ||||0| spa j
020 ## - NÚMERO INTERNACIONAL ESTÁNDAR DEL LIBRO
Número Internacional Estándar del Libro 84-7481-185-6
040 ## - FUENTE DE CATALOGACIÓN
Centro catalogador/agencia de origen M-BN
Lengua de catalogación spa
Centro/agencia transcriptor A2
080 ## - NÚMERO DE LA CLASIFICACIÓN DECIMAL UNIVERSAL
Número de la Clasificación Decimal Universal 1 Izquierdo, Sebastián
080 ## - NÚMERO DE LA CLASIFICACIÓN DECIMAL UNIVERSAL
Número de la Clasificación Decimal Universal 165
100 1# - ENTRADA PRINCIPAL--NOMBRE DE PERSONA
Nombre de persona Fuertes Herreros, José Luis.
9 (RLIN) 52966
245 13 - MENCIÓN DEL TÍTULO
Título La lógica como fundamentación del arte general del saber en Sebastián Izquierdo
Resto del título : Estudio del "Pharus Scientiarum" (1659) /
Mención de responsabilidad, etc. José Luis Fuertes Herreros.
260 ## - PUBLICACIÓN, DISTRIBUCIÓN, ETC.
Lugar de publicación, distribución, etc. Salamanca :
Nombre del editor, distribuidor, etc. Universidad,
Fecha de publicación, distribución, etc. 1981.
300 ## - DESCRIPCIÓN FÍSICA
Extensión 332 p., 1 h ;
Dimensiones 24 cm.
490 1# - MENCIÓN DE SERIE
Mención de serie Acta Salmanticensia. Filosofía y letras ;
Designación de volumen o secuencia 137
504 ## - NOTA DE BIBLIOGRAFÍA, ETC.
Nota de bibliografía, etc. Bibliografía: p. 307-319.
600 14 - PUNTO DE ACCESO ADICIONAL DE MATERIA--NOMBRE DE PERSONA
Nombre de persona Izquierdo, Sebastián (
Fechas asociadas al nombre 1601-1681)-
Subdivisión general Crítica e interpretación.
9 (RLIN) 65715
650 #4 - PUNTO DE ACCESO ADICIONAL DE MATERIA--TÉRMINO DE MATERIA
Término de materia o nombre geográfico como elemento de entrada Epistemología.
9 (RLIN) 12338
710 2# - ENTRADA AGREGADA--NOMBRE DE ENTIDAD CORPORATIVA
Nombre de entidad corporativa o nombre de jurisdicción como elemento de entrada Universidad de Salamanca.
9 (RLIN) 7275
830 00 - PUNTO DE ACCESO ADICIONAL DE SERIE-TÍTULO UNIFORME
Título uniforme Acta Salmanticensia
Designación de volumen o secuencia 137
9 (RLIN) 181394
852 ## - LOCALIZACIÓN
Ubicación ES-MaACL
Número de control de estantería L-23111
Sublocalización o colección R.123657
Holdings
Estatus retirado Estado de pérdida Estado de daño No para préstamo Biblioteca de origen Biblioteca actual Ubicación en estantería Fecha de adquisición Fuente de adquisición Total de préstamos Signatura topográfica completa Código de barras Visto por última vez Precio de reemplazo Tipo de ítem Koha
        Biblioteca del Ateneo de Madrid Biblioteca del Ateneo de Madrid Depósito 2 17/01/2008     L-23111 1015958 23/02/2023 23/02/2023 Libro impreso